| 000 | 00449ntaaa2200181 4500 | ||
|---|---|---|---|
| 003 | 01 | ||
| 005 | 20251027201359.0 | ||
| 008 | 0714s1973 ag 01 | ||
| 040 |
_aAR-BaBN _bspa _cAR-BaBN _eaacr _dRIC |
||
| 082 | _a225.5970 B | ||
| 245 | _aEl Nuevo Testamento | ||
| 250 |
_a1 ed. : _bRuss, _cc1914 |
||
| 300 | _a490 p. | ||
| 500 | _aNuevo Testamento en ruso | ||
| 650 |
_aBiblia-Versiones _9463 |
||
| 650 | _aBiblia-Nuevo Testamento-Texto | ||
| 942 | _cBK | ||
| 999 |
_c8341 _d8341 |
||